| 000 | 00493nam a2200169 a 4500 | ||
|---|---|---|---|
| 001 | 3305 | ||
| 003 | CDMR | ||
| 005 | 20130326115225.0 | ||
| 008 | 130130s1978||||||||||||||||||||||||||||d | ||
| 020 | _a843130510X | ||
| 040 |
_aCDMR _bcat _cCDMR |
||
| 100 | 1 |
_aThomas, Ruth _92394 |
|
| 245 | 1 | 0 |
_aRadiotelevisión y democracia en Francia _cRuth Thomas ; [traductor: Diorki] |
| 260 |
_aPamplona _c1978 _bEdiciones Universidad de Navarra |
||
| 490 | 0 |
_aCiencias de la información _v26 |
|
| 942 |
_cMON _2udc |
||
| 999 |
_c3305 _d3305 |
||